000 01780nam a2200421 a 4500
999 _c61295
_d61295
003 BLK
005 20231116150402.0
008 180408b bul|||||r ||||||| ||bul||
040 _aBLK
041 _aBUL
_cBUL
072 7 _2bullib
_aА
_xФонд Михаил Арнаудов
080 _aБългарска литература
_b821.163.2
_x.09
_z821.163.2.09
139 _aИстория на българската литература
_bИ 95
245 1 0 _aИстория на българската литература
_bВ 4 т.
_cглав. ред. Стойко Божков.
_nТ. 1
_pСтаробългарска литература
257 _aBGR
260 _bБАН
_c1962 -
_aСофия
300 _c24 см
380 _a82
490 _9396381
_aЧастна колекция - Академик Михаил Арнаудов
_gДарение - Основен фонд
650 4 _aБългарска литература - история
_9246271
651 4 _aБългария
_9241624
653 _aистория на литературата
653 _aбългарска литература
659 _aА
700 1 _aБожков, Стойко
_eглав. ред.
_9367412
760 1 _d1962
_h454 с.
_nБиблиогр. 425-438. - Екз. във фонд Михаил Арнаудов е от фонда на библ.
_tТ. 1 Старобългарска литература
852 _aЦб 25112
_bЦб
852 _aЦб МА 4688
_bМА
856 4 _qpdf
856 4 _qpdf
942 _cKNG
_n0
_03
_s1
944 _aCR
_c13.06.2004
_k30535
_lХристина Везирева
944 _aED
_c22.11.2017
_kГеновева_Генчева
944 _aED
_c2022-02-21
_kСТ
999 _d61295
999 _d61295
999 _d61295